Constitutional law of India : (Record no. 136447)

MARC details
000 -LEADER
fixed length control field 00731nam a2200241 4500
010 ## - LIBRARY OF CONGRESS CONTROL NUMBER
LC control number A-518492
020 ## - INTERNATIONAL STANDARD BOOK NUMBER
International Standard Book Number 817118037
Terms of availability 520.00
035 ## - SYSTEM CONTROL NUMBER
System control number A-518492
037 ## - SOURCE OF ACQUISITION
Stock number Cen Lib/Ret
040 ## - CATALOGING SOURCE
Original cataloging agency DPL
Language of cataloging EN
082 ## - DEWEY DECIMAL CLASSIFICATION NUMBER
Classification number 342.54
Item number SEE
100 ## - MAIN ENTRY--PERSONAL NAME
Personal name Seervai, H.M.
245 ## - TITLE STATEMENT
Title Constitutional law of India :
Remainder of title a critical commentary /
Statement of responsibility, etc by H M Seervai
250 ## - EDITION STATEMENT
Edition statement 4th ed
260 ## - PUBLICATION, DISTRIBUTION, ETC. (IMPRINT)
Place of publication, distribution, etc Bombay
Name of publisher, distributor, etc N. M. Tripathi Private Ltd.
Date of publication, distribution, etc 1991
270 ## - ADDRESS
Address 146, M. Karve Road,
City Bombay
Postal code 400020
300 ## - PHYSICAL DESCRIPTION
Extent 1 v. (v 1.variouse pages)
500 ## - GENERAL NOTE
General note induces indexes
500 ## - GENERAL NOTE
General note 1 v. ; v 1. (available).
650 ## - SUBJECT ADDED ENTRY--TOPICAL TERM
Topical term or geographic name as entry element Constitutional law -- India.
650 ## - SUBJECT ADDED ENTRY--TOPICAL TERM
Topical term or geographic name as entry element Constitutional law
942 ## - ADDED ENTRY ELEMENTS (KOHA)
Source of classification or shelving scheme Dewey Decimal Classification
Koha item type English Books
Classification part 342.54
Call number suffix SEE
Holdings
Withdrawn status Lost status Materials specified (bound volume or other part) Damaged status Not for loan Collection code Home library Current library Date acquired Source of acquisition Cost, normal purchase price Total Checkouts Full call number Barcode Date last seen Copy number Cost, replacement price Price effective from Koha item type
    v.1   Not For Loan Reference Central Library Central Library 02/03/2016 Cen Lib/Ret 520.00   342.54 SEE A-518492 02/03/2016 1 520.00 02/03/2016 English Books

© Delhi Public Library
Hit Counter
free hit counter